Afrika - Religion - Statistiken

Allgemein
  • Dieses Quiz wurde 30 mal gespielt
  • Das Durchschnittsergebnis liegt bei 6 aus 13
Answers on the Grid
Answers color-coded by a green-red scale on the quiz's grid according to % correct below.
Äthiopien
Ägypten
Eritrea
Süd Afrika
Kenia
Algerien
Marokko
Niger
Uganda
Ruanda
Sambia
Mali
Namibia
Sudan
Somalia
Mauretanien
Demokratische Republik Kongo
Dschibuti
Angola
Kap Verde
Tschad
Zentralafrikanische Republik
Komoren
Burundi
Burkina Faso
Sierra Leone
Guinea-Bissau
Guinea
Gambia
Senegal
 
Antwortstatistiken
Antwort % Korrekt
Namibia
80%
Süd Afrika
72%
Äthiopien
60%
Kenia
56%
Ruanda
52%
Uganda
52%
Sambia
48%
Demokratische Republik Kongo
44%
Kap Verde
44%
Angola
40%
Burundi
28%
Zentralafrikanische Republik
28%
Eritrea
12%
Keine übereinstimmenden Quizze gefunden
Verteilung der Resultate
Anzahl Personen mit jedem Resultat
Perzentil nach korrekt beantworteten Fragen
Ihre Resultats-Entwicklung
Sie haben dieses Quiz noch nicht gespielt